Muslim Majority Countries (MAP) - Statistics

General Stats
  • This quiz has been taken 190 times
  • The average score is 43 of 47
Answers on the Map
Answers color-coded by a green-red scale on the quiz's map according to % correct below.
 
Answer Stats
Country % Correct
Iran
98%
Saudi Arabia
98%
Turkey
98%
Algeria
97%
Egypt
97%
Iraq
97%
Morocco
97%
Pakistan
97%
Syria
97%
Afghanistan
96%
Chad
96%
Jordan
96%
Libya
96%
Oman
96%
Sudan
96%
Tunisia
96%
United Arab Emirates
96%
Yemen
96%
Kuwait
95%
Azerbaijan
94%
Kazakhstan
94%
Mali
94%
Mauritania
94%
Qatar
94%
Somalia
94%
Tajikistan
94%
Turkmenistan
94%
Uzbekistan
94%
Niger
93%
Indonesia
92%
Kyrgyzstan
92%
Senegal
91%
Albania
89%
Bahrain
89%
Malaysia
89%
Lebanon
88%
Djibouti
87%
Bosnia and Herzegovina
85%
Guinea
85%
Maldives
85%
Bangladesh
84%
Burkina Faso
84%
Sierra Leone
84%
Gambia
82%
Comoros
81%
Kosovo
79%
Brunei
77%
No matching quizzes found
Score Distribution
Percent of People with Each Score
Percentile by Number Answered
Your Score History
You have not taken this quiz